LEADER 00926nam0-22003251i-450 001 990003281950403321 005 20230322154511.0 035 $a000328195 035 $aFED01000328195 035 $a(Aleph)000328195FED01 035 $a000328195 100 $a20000920d1877----km-y0itay50------ba 101 0 $aita 102 $aIT 105 $ay-------001yy 200 1 $a<>Russia$fdescritta e illustrata da Dixon, Biancardi, Moynet, Vereschauguine e Henriet e dal professor Angelo DeGubernatis 210 $aMilano$cTreves$d1877 215 $a423 p. 610 0 $aRussia$aDescrizioni e Viaggi 676 $a914.7 702 1$aDegubernatis,$bAngelo 702 $aDixon,$bWilliam Hepworth$f<1821-1879> 801 0$aIT$bUNINA$gRICA$2UNIMARC 901 $aBK 912 $a990003281950403321 952 $a003.030.DEG$b22047$fDECGE 959 $aDECGE 996 $aRussia$9168897 997 $aUNINA DB $aING01 LEADER 01099nam a2200313 i 4500 001 991001054069707536 005 20020507182352.0 008 981130s1975 de ||| | ger 020 $a354007158X 035 $ab10794542-39ule_inst 035 $aLE01306318$9ExL 040 $aDip.to Matematica$beng 082 0 $a516.35 084 $aAMS 14L 100 1 $aKraft, Hanspeter$0440635 245 10$aKommutative algebraische Gruppen und Ringe /$cHanspeter Kraft 260 $aBerlin ;$aHeidelberg ;$aNew York :$bSpringer-Verlag,$c1975 300 $a163 p. ;$c25 cm 490 1 $aLecture notes in mathematics,$x0075-8434 ;$v455 500 $aIncludes index 504 $aBibliography: p. 163 650 0$aCommutative rings 650 0$aGroup schemes 907 $a.b10794542$b29-07-19$c28-06-02 912 $a991001054069707536 945 $aLE013 14L KRA11 (1971)$g1$i2013000104430$lle013$o-$pE0.00$q-$rl$s- $t0$u0$v0$w0$x0$y.i10895802$z28-06-02 996 $aKommutative algebraische Gruppen und Ringe$980876 997 $aUNISALENTO 998 $ale013$b01-01-98$cm$da $e-$fger$gde $h0$i1